[Event "Dubrovnik CC"]
[Site "Dubrovnik"]
[Date "2024.03.23"]
[Round "6"]
[White "Markotic, Gordan"]
[Black "Jerkovic, Leonardo"]
[Result "1-0"]
[WhiteElo "2183"]
[BlackElo "1600"]
[PlyCount "71"]
[EventDate "2024.03.16"]
[EventType "tourn"]
[EventRounds "7"]
[EventCountry "CRO"]
[SourceTitle "CB13_2024"]
[SourceDate "2024.03.27"]
[SourceVersion "1"]
[SourceVersionDate "2024.03.27"]
[SourceQuality "1"]

1. d4 f5 2. g3 Nf6 3. Bg2 g6 4. c3 Bg7 5. Qb3 c6 6. Nh3 d5 7. f3 0-0 8. Nd2 Qc7 9. e4 e5 10. dxe5 Qxe5 11. f4 Qe7 12. e5 Kh8 13. Nf2 Na6 14. 0-0 Ne4 15. Qc2 Bd7 16. Ndxe4 fxe4 17. Be3 b6 18. h4 h5 19. b4 Nc7 20. Rad1 Bf5 21. a3 Nb5 22. Qb3 Rad8 23. a4 Nc7 24. Rd2 Be6 25. Qb2 Rd7 26. Ra1 Qf7 27. a5 Rb8 28. Bf1 Na8 29. c4 bxa5 30. Rxa5 Bf8 31. b5 Rdb7 32. cxd5 cxd5 33. Rxd5 Bxd5 34. e6+ Qg7 35. Bd4 Rxb5 36. Rxb5 1-0

[Event "Dubrovnik CC"]
[Site "Dubrovnik"]
[Date "2024.03.16"]
[Round "2"]
[White "Turdyev, Anvar"]
[Black "Jerkovic, Leonardo"]
[Result "1-0"]
[WhiteElo "2387"]
[BlackElo "1600"]
[PlyCount "35"]
[EventDate "2024.03.16"]
[EventType "tourn"]
[EventRounds "7"]
[EventCountry "CRO"]
[SourceTitle "CB13_2024"]
[SourceDate "2024.03.27"]
[SourceVersion "1"]
[SourceVersionDate "2024.03.27"]
[SourceQuality "1"]

1. Nf3 g6 2. d4 Bg7 3. c4 d6 4. Nc3 Nf6 5. e4 e5 6. dxe5 Ng4 7. Bg5 Qd7 8. exd6 cxd6 9. h3 Ne5 10. Nxe5 Bxe5 11. Qd2 Nc6 12. Bd3 0-0 13. 0-0 f6 14. Be3 b6 15. Be2 Bb7 16. Rad1 Rad8 17. Nd5 Ne7 18. f4 1-0